Building Mondegreens - Statistics

General Stats
  • This quiz has been taken 216 times
  • The average score is 10 of 16
Answer Stats
Hint Answer % Correct
Relativity; 1921 Nobel winner Einstein
93%
Eeyore, for instance Donkey
92%
Swiss currency Franc
85%
Frankenstein
83%
Toronto Blue ____s Jay
79%
Garfield's sidekick Odie
77%
Ms. Karenina Anna
75%
Don Quixote
71%
President G. Harding Warren
70%
They go with carrots Peas
67%
Mystery Category Books
63%
War and Peace
54%
Hair-removal cream Nair
48%
Jane Eyre
33%
Create with defective structure Malform
8%
Animal Farm
7%
No matching quizzes found
Score Distribution
Percent of People with Each Score
Percentile by Number Answered
Your Score History
You have not taken this quiz